000 00520nam a2200169Ia 4500
003 GCL
008 140319s9999 xx 000 0 ara d
040 _aGCL /
_cGCL
082 0 4 _a398.2
_bح ا
100 1 _aحسين مجيب نصار
245 1 0 _aالاسطورة بين العرب والفرس والترك: دراسة مقارنة /
_cحسين مجيب نصار
300 _a225 ص
490 _aكتاب
_v0
650 0 4 _aالادب الشعبى
650 0 4 _aالاساطير الشعبية
942 _2ddc
_cBK
999 _c42111
_d42111